[Event "Lovfalds EMT 20th D"]
[Site "Ringsted"]
[Date "2006.09.17"]
[Round "5"]
[White "Abdi, Farhad"]
[Black "Tudvad, Mads"]
[Result "0-1"]
[WhiteElo "1326"]
[BlackElo "1602"]
[PlyCount "124"]
[EventDate "2006.09.15"]
[EventType "tourn"]
[EventRounds "5"]
[EventCountry "DEN"]
[SourceTitle "EXT 2023"]
[Source "ChessBase"]
[SourceDate "2022.10.05"]
[SourceVersion "1"]
[SourceVersionDate "2022.10.05"]
[SourceQuality "1"]

1. d4 Nf6 2. Nf3 d5 3. e3 Bf5 4. Bd3 Bg6 5. 0-0 e6 6. Nbd2 Nbd7 7. Re1 c6 8. e4 dxe4 9. Nxe4 Nxe4 10. Bxe4 Qc7 11. Bg5 Bd6 12. Bh4 Nf6 13. Bxf6 gxf6 14. g3 0-0-0 15. Nh4 f5 16. Bg2 f4 17. Nf3 h5 18. Ne5 Rdg8 19. c4 h4 20. c5 Be7 21. Qf3 hxg3 22. fxg3 Bh5 23. Qxf4 Bg5 24. Qe4 f6 25. Nc4 Bg4 26. Nd6+ Kd8 27. h3 Bf5 28. Nxf5 exf5 29. Qf3 Bd2 30. Re2 Rxg3 31. Qxf5 Bg5 32. d5 cxd5 33. Qxd5+ Qd7 34. Rd1 Qxd5 35. Rxd5+ Kc8 36. Kf1 Be3 37. Rd3 Re8 38. Rb3 Re7 39. h4 f5 40. h5 f4 41. h6 Rh7 42. Rxb7 Rxb7 43. Bxb7+ Kxb7 44. Rh2 f3 45. Rh1 Rg8 46. h7 Rh8 47. Rh3 Bxc5 48. Rxf3 Rxh7 49. Rb3+ Bb6 50. a4 a5 51. Rb5 Rh4 52. b3 Ka6 53. Ke2 Rd4 54. Kf3 Kb7 55. Ke2 Kc6 56. Kf3 Rb4 57. Rxb4 axb4 58. Ke4 Kc5 59. Kd3 Kd5 60. Ke2 Ke4 61. Kd2 Kd4 62. Ke2 Kc3 0-1

[Event "Lovfalds EMT 19th D"]
[Site "Ringsted"]
[Date "2005.09.17"]
[Round "2"]
[White "Abdi, Farhad"]
[Black "Jensen, Henrik"]
[Result "1-0"]
[WhiteElo "1294"]
[BlackElo "1277"]
[PlyCount "89"]
[EventDate "2005.09.16"]
[EventType "tourn"]
[EventRounds "5"]
[EventCountry "DEN"]
[SourceTitle "EXT 2023"]
[Source "ChessBase"]
[SourceDate "2022.10.05"]
[SourceVersion "1"]
[SourceVersionDate "2022.10.05"]
[SourceQuality "1"]

1. e4 e5 2. Bc4 Nf6 3. d3 Bc5 4. Nf3 d6 5. c3 Nc6 6. b4 Bb6 7. 0-0 h6 8. Qb3 0-0 9. Bb2 Bg4 10. Nbd2 Nh5 11. d4 Qf6 12. Be2 exd4 13. cxd4 Bxd4 14. Bxd4 Qf4 15. Qe3 Nxb4 16. Rfc1 c5 17. Bb2 Rfe8 18. Bc4 b6 19. a3 Nc6 20. Bd5 Rac8 21. Nc4 Re7 22. Qc3 Bxf3 23. Qxf3 Qxf3 24. gxf3 Nf4 25. Nxd6 Rd8 26. Nf5 Rc7 27. Bxc6 Ne2+ 28. Kg2 Nxc1 29. Rxc1 Rxc6 30. Ne7+ Kh7 31. Nxc6 Rd2 32. Rb1 a6 33. e5 b5 34. Na7 Rd7 35. Nc6 Rc7 36. Nd8 Rd7 37. Nc6 Rc7 38. Na5 c4 39. Bc3 Kg6 40. Rd1 Kf5 41. Rd6 Ra7 42. Kg3 h5 43. h4 g6 44. Nc6 Ra8 45. Ne7# 1-0

[Event "Lovfalds EMT 17th Basis 2"]
[Site "Ringsted"]
[Date "2003.09.21"]
[Round "5"]
[White "Abdi, Farhad"]
[Black "Hansen, Arne Mandrup"]
[Result "0-1"]
[WhiteElo "1287"]
[BlackElo "1334"]
[PlyCount "52"]
[EventDate "2003.09.19"]
[EventType "swiss"]
[EventRounds "5"]
[EventCountry "DEN"]
[SourceTitle "EXT 2023"]
[Source "ChessBase"]
[SourceDate "2022.10.05"]
[SourceVersion "1"]
[SourceVersionDate "2022.10.05"]
[SourceQuality "1"]

1. d4 Nf6 2. c4 g6 3. Nc3 Bg7 4. e4 d6 5. Nf3 0-0 6. Be2 Nbd7 7. Be3 e5 8. d5 b6 9. Qd2 Kh8 10. Bg5 a6 11. h4 h5 12. 0-0-0 Qe8 13. Bh6 Nc5 14. Bxg7+ Kxg7 15. Ng5 Bd7 16. f3 b5 17. g4 Rh8 18. gxh5 Nxh5 19. Rdg1 Nf4 20. Rg3 b4 21. Nd1 a5 22. Nf2 Ba4 23. Nd3 Nfxd3+ 24. Bxd3 Bb3 25. Kb1 Bxa2+ 26. Kc2 Qa4+ 0-1

[Event "Lovfalds EMT 17th Basis 2"]
[Site "Ringsted"]
[Date "2003.09.19"]
[Round "1"]
[White "Nielsen, Morten"]
[Black "Abdi, Farhad"]
[Result "0-1"]
[WhiteElo "1288"]
[BlackElo "1287"]
[PlyCount "94"]
[EventDate "2003.09.19"]
[EventType "swiss"]
[EventRounds "5"]
[EventCountry "DEN"]
[SourceTitle "EXT 2023"]
[Source "ChessBase"]
[SourceDate "2022.10.05"]
[SourceVersion "1"]
[SourceVersionDate "2022.10.05"]
[SourceQuality "1"]

1. e4 d6 2. d4 Nf6 3. Nc3 g6 4. Nf3 Bg7 5. b3 0-0 6. Bb2 Nbd7 7. Bd3 e5 8. Ne2 Re8 9. h3 c6 10. c4 exd4 11. Bxd4 Nxe4 12. Bxg7 Kxg7 13. Bxe4 Rxe4 14. Qxd6 Qe8 15. Qd2 Nf6 16. Rc1 Bf5 17. Nfd4 Qe5 18. Nxf5+ Qxf5 19. f3 Re7 20. 0-0 Rae8 21. Ng3 Qc5+ 22. Qf2 Qxf2+ 23. Kxf2 h5 24. Rfe1 h4 25. Rxe7 hxg3+ 26. Kxg3 Rxe7 27. Kf2 Nd7 28. f4 Nc5 29. Kf3 a5 30. Rd1 Na6 31. a3 Nc5 32. b4 axb4 33. axb4 Na6 34. b5 cxb5 35. cxb5 Nc5 36. g4 Na4 37. Rd3 Re6 38. f5 Rf6 39. Kf4 Nc5 40. Rd5 Ne6+ 41. Ke4 Ng5+ 42. Ke5 Nxh3 43. fxg6 Rxg6 44. Rd7 Rg5+ 45. Kd6 Rxb5 46. Kc7 Nf2 47. Kc8 Nxg4 0-1

[Event "Lovfalds EMT 16th Basis 3"]
[Site "Ringsted"]
[Date "2002.09.15"]
[Round "5"]
[White "Abdi, Farhad"]
[Black "Jakobsen, Henning"]
[Result "0-1"]
[WhiteElo "1312"]
[BlackElo "1158"]
[PlyCount "60"]
[EventDate "2002.09.13"]
[EventType "tourn"]
[EventRounds "5"]
[EventCountry "DEN"]
[SourceTitle "EXT 2023"]
[Source "ChessBase"]
[SourceDate "2022.10.05"]
[SourceVersion "1"]
[SourceVersionDate "2022.10.05"]
[SourceQuality "1"]

1. d4 Nf6 2. c4 g6 3. Nf3 d6 4. Nc3 Bg7 5. Bf4 0-0 6. e3 Nfd7 7. Be2 e5 8. Bg3 Nc6 9. 0-0 f5 10. h3 e4 11. Ne1 Nf6 12. Bh4 Qe8 13. Qb3 Na5 14. Qb5 Nc6 15. Qa4 Bd7 16. Qb3 Na5 17. Qb4 b6 18. a4 c5 19. Qa3 Nh5 20. d5 f4 21. Nb5 Bxb5 22. cxb5 Qe5 23. Rb1 f3 24. Bd1 g5 25. Bg3 Nxg3 26. fxg3 Qxg3 27. Rf2 fxg2 28. Rxf8+ Kxf8 29. Nxg2 Qf2+ 30. Kh1 Qf1+ 0-1

[Event "Lovsprings op-C 13th"]
[Site "Ringsted"]
[Date "2002.03.15"]
[Round "2"]
[White "Larsen, Dennis"]
[Black "Abdi, Farhad"]
[Result "1/2-1/2"]
[WhiteElo "1584"]
[BlackElo "1298"]
[PlyCount "104"]
[EventDate "2002.03.08"]
[EventType "swiss"]
[EventRounds "7"]
[EventCountry "DEN"]
[SourceTitle "EXT 2023"]
[Source "ChessBase"]
[SourceDate "2022.10.05"]
[SourceVersion "1"]
[SourceVersionDate "2022.10.05"]
[SourceQuality "1"]

1. e4 g6 2. d4 Bg7 3. Nf3 e6 4. Be2 Ne7 5. Nc3 0-0 6. Bg5 c6 7. Qd2 d5 8. 0-0 Qc7 9. Rfe1 dxe4 10. Nxe4 Nf5 11. Bc4 Nd7 12. Rad1 Re8 13. Bf4 Qb6 14. c3 Qd8 15. Nd6 Nxd6 16. Bxd6 Nb6 17. Bb3 Qxd6 18. c4 Qc7 19. d5 Qd6 20. Qa5 c5 21. dxe6 Qe7 22. exf7+ Qxf7 23. Rxe8+ Qxe8 24. Qxc5 Bg4 25. Re1 Qf8 26. Qxf8+ Kxf8 27. Ng5 Bxb2 28. Nxh7+ Kg7 29. Re7+ Kh6 30. c5 Rc8 31. h3 Bf5 32. cxb6 axb6 33. Rf7 Rc1+ 34. Kh2 Bd4 35. g4 Be5+ 36. Kg2 Be4+ 37. f3 Bc6 38. Nf6 g5 39. Ng8+ Kg6 40. Ne7+ Kh6 41. Nf5+ Kg6 42. h4 gxh4 43. Nxh4+ Kh6 44. Re7 Bb2 45. Re2 Ba3 46. Nf5+ Kg5 47. Nd4 Rc3 48. Re5+ Kf6 49. Rf5+ Kg7 50. Ne2 Rd3 51. Rf7+ Kh6 52. Rf6+ Kg7 1/2-1/2

[Event "Lovsprings op 09th E"]
[Site "Ringsted"]
[Date "1997.05.02"]
[Round "6"]
[White "Abdi, Farhad"]
[Black "Hansen, Arne Mandrup"]
[Result "0-1"]
[WhiteElo "1060"]
[BlackElo "1133"]
[PlyCount "48"]
[EventDate "1997.03.14"]
[EventType "swiss"]
[EventRounds "7"]
[EventCountry "DEN"]
[SourceTitle "EXT 2023"]
[Source "ChessBase"]
[SourceDate "2022.10.05"]
[SourceVersion "1"]
[SourceVersionDate "2022.10.05"]
[SourceQuality "1"]

1. e4 d5 2. exd5 Qxd5 3. Nf3 e5 4. c4 Qa5 5. Nc3 c6 6. d4 f6 7. Bd3 Bg4 8. 0-0 Nd7 9. Be4 0-0-0 10. Qd3 g6 11. Re1 f5 12. Ng5 fxe4 13. Rxe4 Bf5 14. Nf7 Bxe4 15. Qxe4 Ngf6 16. Qh4 Be7 17. Nxh8 Rxh8 18. Bg5 Qd8 19. Rd1 e4 20. Nxe4 Re8 21. Nxf6 Bxf6 22. Bxf6 Nxf6 23. Kf1 Qe7 24. f3 Qe2+ 0-1